| 000 | 01323cam a2200349 a 4500 | ||
|---|---|---|---|
| 999 |
_c522710 _d522710 |
||
| 001 | 13627091 | ||
| 003 | NUST | ||
| 005 | 20190103050222.0 | ||
| 008 | 040617r20041977nyu 000 1 eng | ||
| 010 | _a 2004555325 | ||
| 020 | _a140003342X (pbk.) | ||
| 038 | _awaseem | ||
| 040 |
_aDLC _cDLC _dDLC |
||
| 043 | _an-us-mi | ||
| 050 | 0 | 0 |
_aPS3563.O8749 _bS6 2004 |
| 082 | 0 | 0 |
_a813.54 _bMOR |
| 100 | 1 |
_aMorrison, Toni. _97969 |
|
| 245 | 1 | 0 |
_aSong of Solomon / _cToni Morrison ; [with a new foreword by the author]. |
| 250 | _a1st Vintage International ed. | ||
| 260 |
_aNew York : _bVintage International, _c2004. |
||
| 300 |
_axiii, 337 p. ; _c21 cm. |
||
| 650 | 0 |
_aAfrican American families _vFiction. _97577 |
|
| 650 | 0 |
_aAfrican Americans _vFiction. _97809 |
|
| 651 | 0 |
_aMichigan _vFiction. _912913 |
|
| 655 | 0 |
_aDomestic fiction. _94525 |
|
| 856 | 4 | 2 |
_3Contributor biographical information _uhttp://www.loc.gov/catdir/bios/random051/2004555325.html |
| 856 | 4 | 1 |
_3Sample text _uhttp://www.loc.gov/catdir/samples/random051/2004555325.html |
| 856 | 4 | 2 |
_3Publisher description _uhttp://www.loc.gov/catdir/description/random051/2004555325.html |
| 906 |
_a7 _bcbc _corigcop _d2 _encip _f20 _gy-gencatlg |
||
| 942 |
_2ddc _cBK |
||